Statystyki dla Inwokacja

Kliknij tutaj aby rozwiązać quiz!

Ogólne statystyki

  • Ten quiz został rozwiązany 686 razy
  • Średni wynik to 70 z 145

Statystyki odpowiedzi

Słowa% Poprawnych
Litwo!
100%
moja!
99%
Ojczyzno
99%
Ty
97%
jak
96%
jesteś
96%
zdrowie,
96%
Ile
91%
cię
90%
cenić,
89%
trzeba
89%
dowie,
88%
się
88%
ten
88%
tylko
88%
cię
87%
Kto
87%
stracił.
86%
Dziś
75%
twą
72%
w
72%
całej
71%
i
71%
piękność
71%
bo
70%
opisuję,
70%
ozdobie
70%
po
70%
tęsknię
70%
tobie.
70%
Widzę
70%
co
66%
Panno
66%
bronisz
65%
jasnej
65%
święta,
65%
Częstochowy
64%
I
64%
w
63%
Bramie!
62%
co
61%
Ostrej
61%
świecisz
61%
Ty,
61%
gród
60%
Nowogródzki
58%
z
58%
zamkowy
58%
ludem!
57%
ochraniasz
57%
wiernym
57%
jego
56%
Jak
55%
do
54%
mnie
54%
cudem
53%
dziecko
53%
powróciłaś
52%
zdrowia
52%
(Gdy
50%
matki
50%
od
50%
płaczącej
50%
pod
48%
opiekę
40%
martwą
39%
podniosłem
39%
powiekę
39%
I
38%
Ofiarowany,
38%
Bogu),
36%
do
36%
Iść
36%
mogłem
36%
podziękować
36%
progu
36%
świątyń
36%
Twych
36%
za
36%
zaraz
36%
życie
36%
nas
35%
wrócone
35%
pieszo
34%
powrócisz
34%
Tak
34%
cudem
33%
Do
33%
duszę
33%
łono.
33%
moją
33%
na
33%
Ojczyzny
33%
przenoś
33%
Tymczasem
33%
do
32%
łąk
32%
leśnych,
32%
pagórków
32%
tych
32%
tych
32%
utęsknioną
32%
zielonych,
31%
błękitnym
30%
Do
30%
malowanych
30%
nad
30%
Niemnem
30%
pól
30%
Szeroko
30%
tych
30%
jak
29%
pszenicą,
29%
rozciągnionych;
29%
rozmaitem,
29%
Twoję
29%
zbożem
29%
żytem;
29%
biała,
28%
gryka
28%
pała,
28%
posrebrzanych
28%
rumieńcem
28%
śnieg
28%
bursztynowy
27%
dzięcielina
27%
Gdzie
27%
Gdzie
27%
panieńskim
27%
świerzop,
27%
Wyzłacanych
27%
A
26%
grusze
26%
na
26%
siedzą.
26%
wstęgą,
26%
z
26%
ciche
25%
jakby
25%
miedzą
25%
niej
25%
wszystko
25%
Zieloną,
25%
przepasane
24%
rzadka
24%

Rozkład punktacji

Percentyl według liczby udzielonych odpowiedzi

Procent ludzi z każdym wynikiem

Twoja historia wyników

Nie rozwiązałeś tego quizu